Forschungsreisen, Quellenstudien und internationale Kooperation
| Titel: | Forschungsreisen, Quellenstudien und internationale Kooperation : Ján Kvačalas Studien zu Leben und Werk Daniel Emst Jablonskis aus wissensorganisatorischer Perspektive / Joachim Bahlcke |
|---|---|
| Verfasser: | |
| In: |
Zwischen Dorpat, Pressburg und Wien, (2018), Seite 113-156 alle Artikel anzeigen |
| Veröffentlicht: | 2018 |
| Umfang: | 12 Illustrationen |
| Format: | Aufsatz |
| Sprache: | Deutsch |
X
alg: 43955626 001A $03025:04-12-18 001B $01999:04-12-18 $t23:38:43.000 001D $03025:04-12-18 001U $0utf8 001X $00 002@ $0Aou 002C $aText $btxt $2rdacontent 002D $aohne Hilfsmittel zu benutzen $bn $2rdamedia 002E $aBand $bnc $2rdacarrier 003@ $0439556260 007A $0439556260 $aHEB 010@ $ager 010E $erda 011@ $a2018 021A $aForschungsreisen, Quellenstudien und internationale Kooperation $dJán Kvačalas Studien zu Leben und Werk Daniel Emst Jablonskis aus wissensorganisatorischer Perspektive $hJoachim Bahlcke 028A $BVerfasser $#Bahlcke, J. $4aut $7122489845 $8Bahlcke, Joachim$Z1963- [Tp3] $9153644141 031A $h113-156 $j2018 034M $a12 Illustrationen 039B $aEnthalten in $8--Aau--. Zwischen Dorpat, Pressburg und Wien. - Wiesbaden : Harrassowitz Verlag, 2018. - 398 Seiten. - Illustrationen. - ISBN 978-3-447-11044-0 $x201800000000000887 $943324769X 044K $#Kvačala, Jan $#Kvačala, Jan Radomil $#Kvacala, Ján Rodomil $#Kvacsala, Ján Radomil $#Kvacsala, János $#Kvačala, Johannes $#Kvacsala, Johann $#Kvacsala, Johannes $#Kvacala, Jvan $#Kvacala, Ioannes $#Kvačala, J. $#Chranovský, Ivan $#Kvačala, Johann $#Kvačala, Joannes $#Kvačala, Ivan $#Kvacala, Josef $#Kvačala, Ioannes $7117555460 $8Kvačala, Jan$Z1862-1934 [Tp1] $9151324433 044K $RTsevi Hirsh ben Eliyah Libeḳ $RNeumark, Natan ben Löb $RRofe, Ahron ben Mosche $#Jablonski, ... $#Figulus, Daniel Ernst $#Jablonski, Daniel-Ernst $#Jablonski, Daniel Ernestus $#Jablonskj, Daniel Ernst $#Jabłonski, Daniel Ernest $#Jabłoński, Daniel Ernest $#Jablonski, Daniel E. $#Jablonsky, D. E. $#Jablonsky, Daniel Ernst $#Jablonski, Daniel Ernst $7115468277 $8Jablonski, Daniel Ernst$Z1660-1741 [Tp1] $9149669488 044K $RForschung $RPseudowissenschaft $RWissenschaftlichkeit $#Sciences $#Sciences $#Bürgerliche Wissenschaft $#Wissenschaften $74066562-8 $8Wissenschaft [Ts1] $9085187151 044K $RPrivatleben $RLebenswelt $RAlltagskultur $#Vie pratique $#Alltagsphänomen $#Alltagsleben $#Alltagswelt $#Lebensweise Alltag $#Tägliches Leben $#Daily Life $74001307-8 $8Alltag [Ts1] $9084994274 044K $RWissenschaftlich-technische Kooperation $#Wissenschaftliche Zusammenarbeit $#Wissenschaftskooperation $#Wissenschaftskollaboration $74066583-5 $8Wissenschaftliche Kooperation [Ts1] $9085187216 045F $a370.94373 $eDDC23BSB 045F/01 $a370.9 045F/03 $f09034 045F/03 $f0904 045F/03 $g4307 045F/03 $g4373 045F/03 $g4371 045R $aGeschichte 1890-1934 lok: 43955626 78 exp: 43955626 78 1 #EPN 201B/01 $004-12-18 $t09:13:15.000 201C/01 $004-12-18 201U/01 $0utf8 203@/01 $01035752905 208@/01 $a04-12-18 $be 209A/01 $a/ $f000 $x00 209A/01 $ab*p $x01 220C/01 $apgar 244Z/01 $#Preußen $#Preußen $#Brandenburg-Preußen $#Königreich Preußen $#Preußische Staaten $#Preußischer Staat $#Der @Preußische Staat $#Königlich Preußische Staaten $#Prusy Królewskie $#Königlich Preußen $#Prussia $74047194-9 $8--Tg1--Preußen $x01 $9085131652 244Z/01 $#Slowakei $#Slowakei $#Slowakische Republik $#Oberungarn $#Slovensko $#Slovenská Republika $#Slovenská SR $#SSR $#Slovakia $#Slovaquie $#Slovak Republic $#République Slovaque $#Slovenská Socialistická Republika $#Slowakische Sozialistische Republik $#Slovak Socialist Republic $#République Socialiste Slovaque $74055297-4 $8--Tg1--Slowakei $x02 $9085153834 247C/01 $82080>Marburg/Lahn, Herder-Institut, Forschungsbibliothek, Bibliographieportal $9336309341
| LEADER | 00000caa a2200000 c 4500 | ||
|---|---|---|---|
| 001 | 439556260 | ||
| 003 | DE-603 | ||
| 005 | 20181204233843.0 | ||
| 007 | tu | ||
| 008 | 181204s2018 xx |||| | u00||u|ger c | ||
| 035 | |a (DE-599)HEB439556260 | ||
| 040 | |a DE-603 |b ger |c DE-603 |d DE-603 |e rda | ||
| 041 | |a ger | ||
| 082 | 0 | 4 | |8 1\u |a 370.94373 |q DE-101 |2 23/BSB |
| 085 | |8 1\u |b 370.9 | ||
| 085 | |8 1\u |z 1 |s 09034 | ||
| 085 | |8 1\u |z 1 |s 0904 | ||
| 085 | |8 1\u |z 2 |s 4307 | ||
| 085 | |8 1\u |z 2 |s 4373 | ||
| 085 | |8 1\u |z 2 |s 4371 | ||
| 100 | 1 | |a Bahlcke, Joachim |d 1963- |e Verfasser |4 aut |0 (DE-603)153644141 |0 (DE-588)122489845 |2 gnd | |
| 245 | 0 | 0 | |a Forschungsreisen, Quellenstudien und internationale Kooperation |b Ján Kvačalas Studien zu Leben und Werk Daniel Emst Jablonskis aus wissensorganisatorischer Perspektive |c Joachim Bahlcke |
| 264 | 0 | |c 2018 | |
| 300 | |b 12 Illustrationen | ||
| 336 | |a Text |b txt |2 rdacontent | ||
| 337 | |a ohne Hilfsmittel zu benutzen |b n |2 rdamedia | ||
| 338 | |a Band |b nc |2 rdacarrier | ||
| 600 | 1 | 7 | |a Kvačala, Jan |d 1862-1934 |0 (DE-588)117555460 |0 (DE-603)151324433 |2 gnd |
| 600 | 1 | 7 | |a Jablonski, Daniel Ernst |d 1660-1741 |0 (DE-588)115468277 |0 (DE-603)149669488 |2 gnd |
| 648 | 7 | |a Geschichte 1890-1934 |2 gnd | |
| 650 | 7 | |a Wissenschaft |0 (DE-588)4066562-8 |0 (DE-603)085187151 |2 gnd | |
| 650 | 7 | |a Alltag |0 (DE-588)4001307-8 |0 (DE-603)084994274 |2 gnd | |
| 650 | 7 | |a Wissenschaftliche Kooperation |0 (DE-588)4066583-5 |0 (DE-603)085187216 |2 gnd | |
| 773 | 0 | 8 | |i Enthalten in |t Zwischen Dorpat, Pressburg und Wien |d Wiesbaden : Harrassowitz Verlag, 2018 |h 398 Seiten, Illustrationen |z 9783447110440 |z 3447110449 |g (2018), Seite 113-156 |w (DE-603)43324769X |
| 924 | 0 | |9 2080 |a (DE-603)1035752905 |b DE-2080 |c HES |d d |g / | |


